Real Betis 2021/22-2025/26 - Estadísticas

Estadísticas generales
  • Esta prueba ha sido intentada 61 veces
    8 desde el último reinicio
  • La puntuación promedio es 106 de 124
Estadísticas de respuestas
Hint Respuesta % Correcto
7 | 10 Abde Ezzalzouli
100%
13 Adrián
100%
24 Aitor Ruibal
100%
1 Álvaro Valles
100%
7 Antony
100%
9 Borja Iglesias
100%
11 Cédric Bakambu
100%
9 Chimy Ávila
100%
11 Cristian Tello
100%
3 Diego Llorente
100%
25 Fran Vieites
100%
20 Giovanni Lo Celso
100%
5 Guido Rodríguez
100%
2 Héctor Bellerin
100%
2 | 19 Héctor Bellerín
100%
22 Isco
100%
17 Joaquín
100%
7 Juanmi
100%
23 Junior Firpo
100%
Ent. Manuel Pellegrini
100%
5 | 15 Marc Bartra
100%
21 Marc Roca
100%
4 | 6 Natan
100%
18 Nelson Deossa
100%
8 | 18 Pablo Fornals
100%
25 Pau López
100%
17 Rodrigo Riquelme
100%
6 | 16 Sergi Altimira
100%
10 Sergio Canales
100%
14 William Carvalho
100%
18 Andrés Guardado
80%
10 | 21 Ayoze Pérez
80%
1 | 25 Claudio Bravo
80%
19 Cucho Hernández
80%
20 Diego Lainez
80%
3 Edgar González
80%
6 | 16 Germán Pezzella
80%
3 Juan Miranda
80%
8 Nabil Fekir
80%
4 Paul Akouokou
80%
12 Ricardo Rodríguez
80%
17 Rodri Sánchez
80%
13 Rui Silva
80%
14 Sofyan Amrabat
80%
16 Valentín Gómez
80%
23 Youssouf Sabaly
80%
15 Álex Moreno
60%
15 Álvaro Fidalgo
60%
21 Guido Rodríguez
60%
1 Joel Robles
60%
4 Johnny Cardoso
60%
19 Luiz Felipe
60%
11 Luiz Henrique
60%
2 Martín Montoya
60%
12 Sidnei
60%
12 Willian José
60%
20 Abner
40%
15 Romain Perraud
40%
22 Víctor Camarasa
40%
6 Víctor Ruiz
40%
25 Dani Martín
20%
19 Sokratis
20%
16 Juan Cruz
0%
No se encontraron pruebas coincidentes
Distribución de puntuación
Porcentaje de gente con cada puntuación
Porcentaje por número respondido
Historial de tus puntuaciones
No has intentado esta prueba desde el último reinicio